| 000 | 01077nam a2200253Ia 4500 | ||
|---|---|---|---|
| 999 |
_c4934 _d4934 |
||
| 003 | OSt | ||
| 005 | 20200408145458.0 | ||
| 008 | 191128s1981 ck gr 000 0 spa d | ||
| 040 |
_aCO-JMCR _cCO-JMCR |
||
| 041 | 0 | _aspa | |
| 082 | 0 | 4 |
_a301.35 / _b F175c |
| 100 | 1 |
_aFajardo M., Darío, _eautor _92852 |
|
| 245 | 1 | 0 |
_aCampesinado y capitalismo en Colombia / _bD. Fajardo, A. Machado, P. Gómez Villa, Mª. C. Salazar |
| 260 |
_aBogotá : _bCentro de Investigación y Educación Popular, _c1981 |
||
| 300 | _a233 páginas | ||
| 300 | _c 20 cm | ||
| 505 | _aEl estado y formación del campesinado en el siglo XIX / Darío Fajardo M. -- Políticas agrarias en Colombia / Absalón Machado C. -- Economía campesina y descomposición del campesinado / Piedad Goómez Villa -- Los condenados del tabaco: aparceros en Boyacá | ||
| 650 | 1 | 4 |
_aCampesinos _92853 _xEconomía rural |
| 650 | 2 | 4 |
_aAgricultura y estado _92857 |
| 700 | 1 |
_a A. Machado, _eautor _92854 |
|
| 700 | 1 |
_aP. Gómez Villa, _eautora _92855 |
|
| 700 | 1 |
_aMª. C. Salazar, _eautora _92856 |
|
| 942 |
_2ddc _cBK |
||